000 00310nam a22001337a 4500
008 170905b xxu||||| |||| 00| 0 eng d
020 _ax000gsqkoh
041 _aeng
080 _24TH
_a070
100 _a40
101 _aMED
245 _aTELEVISION FIELD PRODUCTION AND REPORTING
_cSHOOK,F
942 _2udc
_cBK
999 _c26205
_d26205